[Event "London Classic 4th"]
[Site "London"]
[Date "2012.12.04"]
[Round "4"]
[White "Nakamura, Hikaru"]
[Black "Adams, Michael"]
[Result "1/2-1/2"]
[WhiteElo "2760"]
[BlackElo "2710"]
[Annotator "Krasenkow,Michal"]
[PlyCount "137"]
[EventDate "2012.12.01"]
[EventType "tourn"]
[EventRounds "9"]
[EventCountry "ENG"]
[EventCategory "21"]
[SourceTitle "CBM 152"]
[Source "ChessBase"]
[SourceDate "2013.01.15"]
[SourceVersion "1"]
[SourceVersionDate "2013.01.15"]
[SourceQuality "1"]

1. d4 Nf6 2. c4 e6 3. Nf3 d5 4. Nc3 Be7 5. cxd5 exd5 6. Qc2 c6 7. Bf4 g6 {A typical idea. Black prepares ...c8-f5 just in time so that White lacks a tempo to prevent it by means of e2-e3 and f1-d3.} 8. Ne5 {[%cal Yf2f3,Ye2e4] An ambitious continuation.} (8. e3 Bf5 9. Bd3 {, although played more often, is essentially harmless}) 8... Bf5 9. Qd2 (9. Qb3 Qb6 $11 {V.Milov}) 9... Ne4 (9... Nbd7 10. f3 Nxe5 11. Bxe5 O-O 12. g4 Be6 13. h4 Nd7 14. Bg3 Nb6 (14... c5 $5) 15. e3 f5 $6 (15... Rc8 $142 16. Bd3 c5 $132 { V.Milov}) 16. g5 Bf7 17. O-O-O Nc4 $6 (17... Rc8 $142 18. Be5 c5 19. f4 $36 {[%cal Yh4h5] V.Milov}) 18. Bxc4 dxc4 19. Be5 $16 {1-0 Kogan,A (2540)-Arencibia Rodriguez,W (2540)/Havana 2002/CBM 089/[Milov,V] (30)}) 10. Nxe4 Bxe4 (10... dxe4 {is equally good:} 11. e3 g5 $5 (11... f6 12. Nc4 Na6 13. a3 Be6 {1-0 Kogan,A (2504)-Zumsande,M (2360)/Senden 2000/EXT 2001 (41)} 14. Na5 Qb6 15. Rc1 $14) 12. Bg3 h5 13. h3 h4 14. Bh2 Nd7 15. Bc4 Nxe5 16. Bxe5 f6 17. Bh2 Qd7 18. Rc1 g4 19. hxg4 Bxg4 20. Bf4 h3 21. gxh3 Rxh3 22. Rxh3 Bxh3 23. Qa5 Qf5 24. Qxf5 Bxf5 25. f3 Kd7 26. Kf2 Rh8 $11 {1/2 Persson,C (2526)-Ugge,A (2528)/ICCF Postal 2002/ICCF CBM 120 (41)}) 11. f3 Bf5 12. e4 $1 Be6 (12... dxe4 $6 13. Bc4 O-O 14. fxe4 Bxe4 15. O-O $40) 13. Be2 Nd7 (13... O-O 14. O-O Nd7 15. Nd3 Re8 (15... c5 $1 $11) 16. Be3 dxe4 17. fxe4 Nf6 18. Nf2 a5 19. b3 a4 20. b4 a3 21. Rac1 Qd7 22. b5 $14 {1-0 Kogan,A (2475)-Barsov,A (2475)/Vlissingen 1996/CBM 053 ext (42)}) (13... f6 14. Ng4 Nd7 (14... Bxg4 15. fxg4 dxe4 16. O-O Qd5 17. Rac1 $36 {V.Milov}) 15. Ne3 (15. Nh6 $5) 15... Nb6 16. O-O O-O 17. b4 f5 18. exf5 Bxf5 19. a4 Be6 20. Bh6 Rf7 21. a5 Nd7 22. Nd1 Bd6 23. f4 Qe7 24. b5 c5 25. a6 {1/2 Kogan,A-Narciso Dublan,M/Lisbon 2001/EXT 2002 (25)}) 14. Nd3 $146 (14. Ng4 {is poor now due to} Bxg4 15. fxg4 Nf6 $1 16. exd5 Nxd5 17. O-O O-O 18. Bh6 Re8 $15 {[%csl Gd5] 0-1 Grooten,H (2350)-Janssen,R (2513)/Hilversum 2008/EXT 2010 (40)}) ({RR} 14. Ng4 Bxg4 15. fxg4 Nf6 16. exd5 Nxd5 17. O-O O-O 18. Bh6 Re8 19. Rf3 Bb4 20. Qc2 Qh4 21. Rh3 Qf6 22. Rd1 Re6 23. Qc4 Rae8 24. Rf1 Qe7 25. Bd3 Re1 26. a3 Bd6 27. Bd2 Rxf1+ 28. Bxf1 Bf4 {Grooten,H (2350)-Janssen,R (2513) Hilversum 2008 0-1 (40)}) 14... O-O 15. Be3 $6 {GM Hikaru Nakamura tries to prevent ...c6-c5 but loses an important tempo. Black obtains an even more comfortable position undermining White's pawn centre from the other flank.} (15. O-O c5 $11) 15... dxe4 16. fxe4 Nb6 17. b3 f5 $1 {[%mdl 32]} 18. Nf4 Qd7 19. d5 {[%mdl 512]} (19. e5 Nd5 20. Nxd5 Bxd5 $15 {[%csl Gd5]}) 19... cxd5 $6 (19... Bf7 $142 {, and White can't complete his development without material losses:} 20. exf5 Nxd5 $1 21. O-O (21. Nxd5 Bxd5 22. fxg6 hxg6 23. O-O-O $6 Qf5 {[%csl Rc1] is hardly a good idea}) 21... Bb4 (21... Qxf5 22. Nxd5 Qxd5 23. Qc3 {[%cal Re2c4] is less convincing}) 22. Qd3 (22. Nxd5 Bxd2 23. Nf6+ Kh8 24. Nxd7 Bxe3+ 25. Kh1 Rfe8 $17 {[%csl Ge3,Gf7]}) 22... Qxf5 23. Qxf5 gxf5 24. Nxd5 Bxd5 {with reasonable winning chances for Black}) 20. e5 $1 {White now has a sufficient compensation for the missing pawn: blockade on d4 and passive position of Black's pieces. Sooner or later Black will have to give his material advantage back by means of ...d5-d4.} Bg5 21. Rd1 d4 {At once!} 22. Qxd4 Qxd4 23. Rxd4 Bxf4 {There was no need to hurry giving up this bishop.} (23... Rfe8 $5 $11 {[%cal Ye6f7]}) 24. Bxf4 Rad8 (24... Rac8 $5) 25. Rd6 Kf7 26. Kf2 Nd5 27. Bg5 Rxd6 28. exd6 {[%mdl 4096]} h6 29. Bxh6 Rd8 30. Bf3 Rxd6 $14 {/= White's bishop pair is definitely an advantage but it is hardly possible to convert it for two reasons: 1) Black's knight has strongholds in the centre; 2) there are too few pawns on the board.} 31. Rd1 Rd7 32. Kg3 (32. Rd4 $142 b6 33. Bd2 {restricting Black's knight}) 32... b6 33. a3 Nc3 34. Rxd7+ Bxd7 35. Bf4 Be6 36. Bb8 Bxb3 37. Bxa7 Nb5 38. Bxb6 Nxa3 {With pawns on the same side Black's defence is trivial.} 39. Kf4 Be6 40. Bc6 Nc4 41. Bd4 Nd6 42. h4 Nc4 43. Bf3 Nd2 44. Bc6 Nc4 45. Bc3 Ke7 46. Bf3 Kf7 47. Bd1 Bd5 48. g3 Be6 49. h5 gxh5 50. Bxh5+ Ke7 51. Kg5 Ne3 52. Bb4+ Kd7 53. Be2 f4 {Of course, there was no need for such a drastic measure but GM Michael Adams calculated everything accurately.} (53... Bc4 $144 54. Bxc4 (54. Bh5 Nf1) 54... Nxc4 55. Kxf5 {, and now, say,} Ke8 56. Kf6 Ne3 $11) 54. Bb5+ (54. gxf4 Nd5) 54... Kc8 55. Kxf4 Nd5+ 56. Ke5 Nxb4 57. Kxe6 Nc2 58. Bd7+ (58. g4 Nd4+) 58... Kd8 59. g4 Nd4+ 60. Kd6 Nf3 61. Bc6 Ng5 62. Ba4 Ne4+ 63. Ke6 Nc5+ 64. Kf7 Nxa4 65. g5 Nb6 66. g6 Nd5 67. g7 Ne7 68. g8=R+ Nxg8 69. Kxg8 1/2-1/2

[Event "FIDE-Wch k.o."]
[Site "Groningen"]
[Date "1997.12.15"]
[Round "3.2"]
[White "Seirawan, Yasser"]
[Black "Zvjaginsev, Vadim"]
[Result "1/2-1/2"]
[WhiteElo "2630"]
[BlackElo "2635"]
[Annotator "Tsesarsky,Ilya"]
[PlyCount "51"]
[EventDate "1997.12.09"]
[EventType "k.o."]
[EventRounds "7"]
[EventCountry "NED"]
[SourceTitle "CBM 063"]
[Source "ChessBase"]
[SourceDate "1998.03.26"]
[SourceVersion "1"]
[SourceVersionDate "1998.03.26"]
[SourceQuality "1"]

1. d4 d5 2. c4 e6 3. Nf3 Nf6 4. cxd5 exd5 5. Bg5 c6 6. Nc3 h6 7. Bh4 Bf5 8. Qb3 (8. e3 Nbd7 (8... Be7 9. Bd3 Bxd3 10. Qxd3 Nbd7 11. O-O O-O 12. Rab1 $14 {½-½ Lobron,E-Prie,E/Clichy Eurocup tt 1995 (55)}) (8... Qb6 9. Qb3 Ne4 10. Nd2 Nxd2 11. Kxd2 Nd7 12. Be2 Bd6 13. g4 Bh7 14. Bg3 Qc7 15. Qb4 Bxg3 (15... Bxb4 16. Bxc7 Rc8 17. Bg3 $132) 16. hxg3 a5 $132 {0-1 Toth,P-Kharlov,A/Sao Paulo CLA ITAU 1991 (39)}) 9. Bd3 Bxd3 10. Qxd3 Bd6 11. a3 (11. O-O-O Bb4 12. Nd2 O-O 13. Kb1 Re8 14. Rc1 Nf8 15. f3 (15. Qf5 Qd7 $11) 15... Rc8 $132 {½-½ Illescas Cordoba,M-Bareev,E/It, Ubeda ESP 1997 (42)}) 11... a5 12. Ne2 O-O 13. O-O Re8 14. Rfc1 Ra6 15. Rc2 Qb8 16. Bg3 Ne4 17. Bxd6 Nxd6 18. Nd2 $132 {0-1 Landa,K-Bareev,E/Open 1996 (61)}) (8. Bxf6 $6 Qxf6 9. Qb3 $5 (9. e3 $11) 9... Nd7 $6 (9... b6) 10. e3 $6 (10. Qxb7 Rb8 11. Qc7 (11. Qxa7 Rxb2 12. Rc1 Be7 13. e3 O-O 14. Be2 Bb4 15. Kf1 $44) 11... Rxb2 12. Qc8+ Ke7 13. Rc1 Bg4 14. Qa6 $14) 10... Rb8 11. Be2 Bd6 12. O-O O-O 13. a3 Rfe8 $11 {0-1 Tsesarsky,I-Zoler,D/Rishon-Le-Zion 1991 (37)}) 8... g5 (8... Nbd7 $5 9. Qxb7 Rb8 10. Qxc6 Rxb2 11. Bxf6 gxf6 12. e4 (12. Nxd5 Qa5+ 13. Kd1 Bc2+ 14. Kc1 Ba3 15. Qc8+ Qd8 16. Qc3 Rb3+ (16... Rxa2+ 17. Kd2 Rxa1 18. Qxa1 Be4 19. Qxa3 Bxd5 20. e3 $18) 17. Kxc2 Rxc3+ 18. Nxc3 Qa5 19. e4 O-O 20. Nd2 Rc8 21. Nc4 Qa6 22. Kb3 Rb8+ 23. Kc2 $15) 12... dxe4 13. Nh4 Rb6 14. Qc4 Be6 15. d5 Ne5 16. Qa4+ Bd7 17. Qxe4 Bb4 18. Rc1 O-O 19. Be2 Re8 20. Qc2 f5 21. a3 Bxc3+ (21... Nd3+ $2 22. Qxd3 $16 {0-1 Schulte-Simon/BL /SW,43,28 1988 (34)}) 22. Qxc3 Qxh4 $19) (8... Qb6 9. Bxf6 (9. Qxb6 axb6 10. Bxf6 gxf6 11. e3 b5 12. Kd2 b4 13. Nd1 Bd6 $132 {0-1 Dake,A-Rudolph,R/USA-op 1987 (53)}) 9... Qxb3 10. axb3 gxf6 11. e3 Bb4 12. Kd2 Rg8 13. Nh4 Be6 14. g3 Nd7 15. Bd3 a5 16. Ke2 Nb6 {½-½ Alvarez Jose-Leyva Hector/Memorial J.Capablanca (b) Cienfuegos (C 1996}) 9. Bg3 (9. Qxb7 gxh4 10. Qxa8 Qb6 {-+ - Shirov.} 11. Rd1 (11. O-O-O Bd6 (11... Bb4 12. Na4) 12. e3 O-O 13. Ne5 Rc8 (13... Bxe5 14. dxe5 Nbd7 15. Qxf8+ Kxf8 16. exf6 Nxf6 17. Bd3 $132) 14. Na4 Qc7 15. Nc5 Bxc5 16. dxc5 Nbd7 17. Qxc6 Nxe5 18. Qxc7 Rxc7 19. b4 Neg4 20. Rd2 Ne4 21. Rxd5 Nexf2 22. Rg1 Nxe3 23. Re5 Be4 24. Kd2 Neg4 25. Re8+ Kg7 $17) 11... Bb4 12. Nxh4 Bc2 13. Rc1 Ne4 14. Rxc2 Bxc3+ 15. Kd1 Qxd4+ 16. Kc1 Bxb2+ 17. Kb1 (17. Rxb2 Qc3+ 18. Kb1 Qe1+ 19. Kc2 Qd2+ 20. Kb3 Qc3+ 21. Ka4 Nc5#) 17... Qb4 $19) 9... Qb6 10. e3 (10. Nd2 Nbd7 11. f3 (11. e3 Nh5 12. Be2 Nxg3 13. hxg3 O-O-O 14. Rc1 Kb8 15. a3 Bd6 16. Qa2 h5 $132 {0-1 Trikaliotis,G-Luther,T/8th Open, Ano Liosia GRE 1997 (36)}) 11... Bg7 12. Qxb6 {½-½ Teske,H-Pedersen,D/MK Cafe, Koszalin POL 1997}) (10. Qxb6 axb6 11. h4 (11. Be5 Nbd7 12. a3 Nxe5 13. dxe5 Nd7 14. Nd4 Bg6 15. e4 dxe4 16. e6 Ne5 $17 {0-1 Ho Cheng,V-Ahmad,N/ASIA-chT 1995 (24)}) 11... g4 12. Ne5 Nbd7 {½-½ Urban,K-Kuczynski,R/ch-POL, Warsaw POL 1997}) (10. h4 g4 11. Nd2 Nbd7 12. h5 Qxb3 13. Nxb3 (13. axb3 $142) 13... a5 14. a3 Rg8 15. Bf4 b5 16. f3 a4 17. Nd2 gxf3 18. gxf3 $132 (18. exf3 Nb6 $15 {0-1 Baburin,A-Gausel,E/Skei 1993 (45)})) ({RR} 10. Nd2 Nbd7 11. e3 Qxb3 12. Nxb3 Ne4 13. Nxe4 Bxe4 14. Nd2 Bg6 15. h4 Rg8 16. Be2 Be7 17. hxg5 hxg5 18. Nf3 f6 19. Nd2 Kf7 20. Bh5 a5 21. a4 Bxh5 22. Rxh5 Kg6 23. Rh2 c5 24. Ke2 cxd4 {Vallejo Pons,F (2663)-Shirov,A (2736) Monte Carlo 2004 0-1 (45)}) 10... Ne4 $146 (10... Nbd7 11. h4 (11. Be2 Ne4 12. Nd2 Qxb3 13. axb3 Bb4 14. Ndxe4 Bxe4 15. f3 Bc2 16. Bd1 Bxd1 17. Kxd1 f5 $11 {½-½ Stankovic,D-Karaklajic,N/JUG-Cup Svetozarevo 1990 (47)}) 11... g4 12. Ne5 Nh5 13. Bh2 g3 14. Nxd7 (14. Qxb6 axb6 15. Nxd7 gxf2+ 16. Kxf2 Kxd7 17. Be2 Nf6 18. Be5 Bg7 19. g4 $14) 14... Kxd7 15. Be2 gxf2+ 16. Kxf2 Nf6 (16... Qxb3 17. axb3 Ng7 $132) 17. Be5 Be7 $11 {½-½ Stoeber,M-Wilson,J/Hastings Challengers 1995 (30)}) (10... Na6 $5 11. Qxb6 (11. Be5 $5 Be7 12. Qxb6 (12. h4 $5 Rg8) 12... axb6 13. h4 Rg8 (13... g4 14. Ng1 $1 $14 {½-½ Beliavsky,A-Shirov,A/Biel 1992 (52)}) 14. hxg5 hxg5 15. Bxf6 Bxf6 16. Kd2 b5 17. Bd3 Be6 $10) 11... axb6 12. a3 (12. Rc1 b5 13. Be2 $11) 12... Nb8 (12... b5 13. h4 Rg8 14. hxg5 hxg5 15. Ne5 Nb8 (15... Nb4 16. O-O-O) 16. Rc1 b4 17. axb4 Bxb4 $132) 13. Kd2 Nbd7 14. Bd3 Be6 (14... Bxd3 15. Kxd3 b5 16. h4 Rg8 17. hxg5 hxg5 18. Rac1 Nb6 19. Rc2 (19. Be5 Nfd7) 19... Nc4 20. e4 $132) 15. Ne5 Rg8 16. h3 b5 17. a4 bxa4 18. Rxa4 Rxa4 19. Nxa4 Bb4+ 20. Nc3 Nxe5 21. Bxe5 Ke7 22. Ra1 Nd7 23. Bh2 Bd6 24. Bxd6+ Kxd6 25. f3 h5 26. e4 dxe4 27. fxe4 h4 28. Ke3 g4 29. hxg4 Rxg4 30. Kf2 Rf4+ 31. Ke3 Rg4 32. Kf2 Rf4+ 33. Ke3 Rg4 {½-½ Seirawan,Y-Zvjaginsev,V/FIDE-Wch k.o. 1997}) (10... Qxb3 11. axb3 Nbd7 $10) ({RR} 10... Na6 11. Be5 Be7 12. Qxb6 axb6 13. h4 g4 14. Ng1 b5 15. Nge2 Nb4 16. Kd2 Nd3 17. Ng3 Nxe5 18. Nxf5 Nc4+ 19. Bxc4 bxc4 20. f3 gxf3 21. gxf3 Kd7 22. a3 b5 23. e4 Bd8 24. Rhg1 Bb6 25. Rae1 {Beliavsky,A (2595)-Shirov,A (2710) Biel 1992 ½-½ (52)}) ({RR} 10... Nh5 11. Be2 Nd7 12. Rc1 {½-½ (12) Belov,A (2119)-Baghdasaryan,D (2250) Odintsovo RUS 2026}) ({RR} 10... Na6 11. Qxb6 axb6 12. a3 Nb8 13. Kd2 Nbd7 14. Bd3 Be6 15. Ne5 Rg8 16. h3 b5 17. a4 bxa4 18. Rxa4 Rxa4 19. Nxa4 Bb4+ 20. Nc3 Nxe5 21. Bxe5 Ke7 22. Ra1 Nd7 23. Bh2 Bd6 24. Bxd6+ Kxd6 25. f3 {Seirawan,Y (2630)-Zvjaginsev,V (2635) Groningen 1997 ½-½ (33)}) ({RR} 10... Qxb3 11. axb3 Nbd7 12. Be2 Bb4 13. Nd2 Ne4 14. Ndxe4 Bxe4 15. f3 Bc2 16. Bd1 Bxd1 17. Rxd1 f5 18. O-O Nf6 19. h4 O-O 20. hxg5 hxg5 21. Be5 Nd7 22. Bg3 Rae8 23. Bf2 Re6 24. Ra1 a6 25. Ra4 {Kaposztas,M (2242)-Antal,A (2081) Eger 2009 ½-½}) 11. Nxe4 Bxe4 12. Nd2 Bf5 13. O-O-O (13. h4 g4 14. Be5 Rg8 $11) 13... Nd7 14. h4 Rc8 15. Bd3 Bxd3 16. Qxd3 c5 17. hxg5 (17. Kb1 Bg7 18. hxg5 hxg5 19. Rxh8+ Bxh8 20. Nb3 cxd4 (20... c4 21. Qh7 Ke7 22. Rc1 Bf6 23. Qf5 Kd8 24. Nd2 Qe6 25. Qc2 Qb6 26. Ka1 $14) 21. Nxd4 $14) 17... Bg7 (17... cxd4+ 18. Kb1 dxe3 19. Rhe1 d4 20. Nc4 Qg6 21. Qxg6 fxg6 22. Rxd4 $18) 18. gxh6 Rxh6 (18... cxd4+ 19. Kb1 $18) 19. Rxh6 Qxh6 20. Kb1 Qh5 (20... cxd4 21. exd4 $16) 21. Re1 (21. Rc1 $16) 21... c4 22. Qc2 Kf8 23. Qd1 Qg6+ 24. Qc2 Qh5 25. Qd1 (25. Rc1 $16) 25... Qg6+ 26. Qc2 $16 1/2-1/2